1320 1326 1641 1092 1833 1755 1960 1080 1117 1020 1989 1412 1739 1912 1425 1363 1319 1510 1967 1243 1681 1669 1275 1629 1634 1854 1223 1947 1820 1029 1008 1990 1082 1287 1100 1848 1529 1422 1266 1195 1701 1524 1315 1887 1328 1379 1309 1665 1867 1441 1483 1749 1806 1816 1222 1974 1061 1849 1969 1511 1651 1633 1257 1352 1250 1091 1081 1746 1012 1960 1573 1158 1431 1009 1742 1696 1409 1353 1627 1791 1497 1610 1724 1465 1917 1972 1357 1122 1137 1187 1653 1271 1211 1729 1328 1715 1403 1403 1680 BCNSPRNW ULIB Ver.6.0+V

เปลี่ยนเป็นภาษาไทย

Change to English
 แสดงรายละเอียดบรรณานุกรม
  กลับหน้าหลัก

Brief Record : Get Marc (ISO 2709) : E-mail record : QR code < ปิดหน้าต่าง
LEADER : 00000nam 2200000uu 4500
001    13399127308
003     ULIB
008    200409s2562||||th 000 0 tha d
020    ^a9786164880351
040    ^absi
060 04 ^aWB105^bก451
245 00 ^aการดูแลรักษาภาวะช็อกในห้องฉุกเฉิน =^bComprehensive shockresuscitation in emergency department /^cบรรณาธิการ, วินชนะศรีวิไลทนต์
246 31 ^aComprehensive shock resuscitation in emergency department
250    ^aพิมพ์ครั้งที่ 2
260    ^aกรุงเทพฯ :^bภาควิชาเวชศาสตร์ฉุกเฉิน คณะแพทยศาสตร์มหาวิทยาลัยธรรมศาสตร์,^c2562
300    ^a159 หน้า :^bภาพประกอบ (สีบางภาพ) ;^c30 ซม.
650  2 ^aShock^xtherapy
650  2 ^aShock, Traumatic
650  2 ^aResuscitation
650  4 ^aช็อค^xการรักษา
700 0  ^aวินชนะ ศรีวิไลทนต์,^eบรรณาธิการ
710 2  ^aมหาวิทยาลัยธรรมศาสตร์.^bคณะแพทยศาสตร์.^bภาควิชาเวชศาสตร์ฉุกเฉิน
945    ^p300^l0^i28103
945    ^p300^l0^i28104
945    ^p300^l0^i28105
945    ^p300^l0^i28106
945    ^p300^l0^i28107
999    ^aกัณชพร จุลอักษร
รายการนี้ยังไม่มีแท็ก
คุณยังไม่ได้ล็อกอิน คุณสามารถมีกิจกรรมร่วมกับเว็บไซต์ได้ แต่ต้องล็อกอินก่อน ::
  ล็อกอิน

รายการสื่อสารสนเทศ

ลำดับที่ ประเภท เลขเรียก/บาร์โค้ด สถานที่ สถานะ
1. หนังสือสำรอง
หนังสือสำรอง
WB105 ก451 ฉ.1 
  Barcode: 28103
ห้องสมุดวิทยาเขตนครสวรรค์
►หนังสือทั่วไป:l:General Books
บนชั้น
2. วิทยาศาสตร์การแพทย์ และสุขภาพ
วิทยาศาสตร์การแพทย์ และสุขภาพ
WB105 ก451 ฉ.2 
  Barcode: 28104
ห้องสมุดวิทยาเขตนครสวรรค์
►หนังสือทั่วไป:l:General Books
บนชั้น
3. วิทยาศาสตร์การแพทย์ และสุขภาพ
วิทยาศาสตร์การแพทย์ และสุขภาพ
WB105 ก451 ฉ.3 
  Barcode: 28105
ห้องสมุดวิทยาเขตนครสวรรค์
►หนังสือทั่วไป:l:General Books
บนชั้น
4. วิทยาศาสตร์การแพทย์ และสุขภาพ
วิทยาศาสตร์การแพทย์ และสุขภาพ
WB105 ก451 ฉ.4 
  Barcode: 28106
ห้องสมุดวิทยาเขตนครสวรรค์
►หนังสือทั่วไป:l:General Books
บนชั้น
5. วิทยาศาสตร์การแพทย์ และสุขภาพ
วิทยาศาสตร์การแพทย์ และสุขภาพ
WB105 ก451 ฉ.5 
  Barcode: 28107
ห้องสมุดวิทยาเขตนครสวรรค์
►หนังสือทั่วไป:l:General Books
ถูกยืม กำหนดส่งวันที่ 17 พฤษภาคม 2569
  จอง

รายการใกล้เคียง
    หัวเรื่อง [Shock, Traumatic]
    หัวเรื่อง [Resuscitation]

BibComment


ยังไม่เคยถูกคอมเมนท์

คอมเมนท์ทรัพยากรรายการนี้
  คอมเมนท์: การดูแลรักษาภาวะ..


 Copyright 2026. Bcnsprnw @Library